00636nam a2200205Ia 4500008004100000041001200041082001900053100002700072245004900099365000700148520001300155546001200168630004900180650001300229655001300242730004900255942000900304999001900313952009800332101110s9999 xx 000 0 und d aENGLISH bSR12360a657.2 aKishnadwala and Shetty aFinancial Accounting (T.Y.B.Com.) - 3rd Ed. b40 aCommerce aENGLISH aFinancial Accounting (T.Y.B.Com.) - 3rd Ed. aCommerce aCommerce aFinancial Accounting (T.Y.B.Com.) - 3rd Ed. cBOOK c806856d806853 00104070aDBJbDBJd2010-11-11g40.00l0pDBJSR12360r2010-11-11 00:00:00w2010-11-11yBOOK